000 00629nam a2200217Ii 4500
003 JO-AjNU
008 230606s9999||||xx |||||||||||||| ||und||
020 _a0-412-46390-3
040 _aJO-AjNU
_beng
_erda
_cJO-AjNU
041 _aeng
050 1 4 _aHF5657.4 .D78 1992
100 3 _aDrury,Colin,
_eauthor
_93375
245 0 0 _aManagement and Cost Accounting
250 _a3 ed
264 3 1 _aLondon: Chapman&Hall,1992
300 _a874p
_b Includes indexes(p869-874)
336 _atext
_btxt
_2rdacontent
337 _aunmediated
_bn
_2rdamedia
338 _avolume
_bnc
_2rdacarrier
650 4 _aManagement Accounting
_93376
999 _aE1763
_c1763
_d1763